Veda, umenie možné svety

Bibliographic Details
Main Author: Michalovič, Peter, 1960- (Author)
Format: Article
Language:Slovak
ISSN:0231-6714
Subjects:

MARC

LEADER 00000nab a2200000 a 4500
001 vtls000809024
003 SK-MaSNL
005 20260304120830.0
008 250429c2002 xo 0 slo
015 |a SNBRB2002/10-31257 
035 |a CLN000160679 
035 |a urn:nbn:sk:snk-abbvra 
035 |a (urnnbn)urn:nbn:sk:snk:ar-0001yo 
035 |a (uuid)f64e2f1f-de34-44f7-8ec1-0dcedf010ef2 
040 |a SNKBUCL  |b slo  |c SNKBUCL  |e AACR2 
041 0 |a slo 
044 |a xo  |c SK 
080 |a 001:7  |2 1997 
080 |a 7:001  |2 1997 
100 1 |a Michalovič, Peter,  |d 1960-  |4 aut  |9 85879 
245 1 0 |a Veda, umenie možné svety  |c Peter Michalovič, Vlastimil Zuska 
504 |a Bibliogr. odkazy 
650 0 7 |a veda  |x umenie  |x vzťahy  |x dejiny  |2 snkbucl  |9 1425225 
650 0 7 |a umenie  |2 snkbucl  |9 1060 
655 7 |a články z novín a časopisov  |2 snkbucl  |9 267496 
773 0 |t Romboid  |g Roč. 37, č. 4 (2002), s. 2-8  |x 0231-6714 
850 |a Slovenská národná knižnica 
852 |a Slovenská národná knižnica 
958 |a article15 
958 |a OND 
958 |a NB 
958 |a EUIPO 
992 |a RBX 
999 |c 2881813  |d 2883743